| 000 | 00990nam a2200229 i 4500 | ||
|---|---|---|---|
| 001 | 18364 | ||
| 003 | DO-SdUEMH | ||
| 005 | 20260128213319.0 | ||
| 007 | ta | ||
| 008 | 260128s1993 dr |||gr|||| 00| 0 spa d | ||
| 040 |
_aDO-SdUEMH _bspa _erda |
||
| 041 | _aspa | ||
| 082 | 1 | 4 | _mRD |
| 245 | _aCódigo de Procedimiento Criminal y Legislación Complementaria | ||
| 264 | 1 |
_aSanto Domingo, República Dominicana : _c1993 |
|
| 300 |
_a54 páginas : _c21 cm. |
||
| 336 |
_2rdacontent _atexto _btxt |
||
| 337 |
_2rdamedia _asin mediación _bn |
||
| 338 |
_2rdacarrier _avolumen _bnc |
||
| 505 | 2 | _aLey de Habeas Corpus -- Ley sobre libertad provisional bajo fianza -- Ley núm. 1014 de 1935 que modifica los procedimientos correccional y criminal -- Ley sobre sustitución de los miembros del Ministerio Público -- Ley sobre liberación condicional de condenados a penas privativas de libertad -- Ley sobre perdón condicional de la pena -- Ley sobre régimen penitenciario. | |
| 942 |
_2ddc _cBK _n0 |
||
| 999 |
_c18364 _d18364 |
||